000 00863cam a22003017a 4500
003 CHAP
005 20220329135114.0
008 971013s1971 r 00010 d
010 _a31006
011 _a31978
035 _a36090
040 _cCHAP
082 _a029
_bL5
100 0 0 _aLitton, Gastón.
_967177
245 1 3 _aLa documentación
260 _aBuenos Aires :
_bBowker,
_c1971
300 _a176 p.
490 0 _aBreviarios del bibliotecario
590 _aBATCH-UPD
_b10
_c20130110
_lUCH01
_h1821
590 _aBATCH-UPD
_b10
_c20130410
_lUCH01
_h1155
590 _aBATCH-UPD
_b10
_c20130914
_lUCH01
_h0800
590 _aCONVERSION
_b10
_c20130109
_lUCH01
_h1318
650 1 4 _aDocumentación.
_933172
830 0 _aBreviarios del bibliotecario
_915275
901 _aBK
942 _cLIBRO
949 _a029 L5
_bBC
_cB
_d-83228
_eB
_h49437
_i36090
_mD AID
_si
999 _c31006
_d31006